000 03099nam a22003857a 4500
003 KnowledgeUnlatched
005 20210303105915.0
006 m o d
007 cr u||||||||||
008 210129p20202021xx o u00| u eng d
037 _5BiblioBoard
245 0 0 _aIndividuals and Institutions in Medieval Scholasticism
_cAntonia Fitzpatrick, John Sabapathy.
020 _a9781912702305
024 8 _ahttps://doi.org/10.14296/520.9781912702305
029 1 _ahttps://library.biblioboard.com/ext/api/media/f5e1010a-2e44-47cc-b97c-4a9f5297b48c/assets/thumbnail.jpg
040 _aScCtBLL
_cScCtBLL
506 0 _aAccess copy available to the general public.
_fUnrestricted
_2star
700 1 _aFitzpatrick, Antonia
_eeditor.
700 1 _aSabapathy, John
_eeditor.
264 1 _bUniversity of London Press,
300 _a1 online resource (1 p.)
490 1 _aNew Historical Perspectives
520 _aThis volume explores the relationship between individuals and institutions in scholastic thought and practice across the twelfth and fifteenth centuries, setting an agenda for future debates. Written by leading European experts from numerous fields, this theoretically sophisticated collection analyses a wide range of intellectual practices and disciplines. Avoiding narrow approaches to scholasticism, the book addresses ethics, history, heresy, law, inquisition, metaphysics, pastoral care, poetry, religious orders, saints' cults and theology. A substantial introduction establishes an accessible historiographical context for the volume's agenda, and a final afterword examines implications for future research. The history of individuals and institutions in scholasticism has often been unhelpfully treated either as a simple intellectual genealogy of schools and doctrines, or a constitutional history of particular organizational forms. This volume advances our understanding by reconsidering these fields as a whole and addressing two large questions. What was the relationship between particular intellectuals and their wider networks? How did individuals alter their institutions, and how did those institutions shape their individuality? This volume is of major importance to intellectual, religious and cultural historians as well as historians of knowledge and science. It will engage those working on individuals and institutions in the middle ages as well as in other periods.
588 0 _aDescription based on print version record.
590 _aKU Select 2020: HSS Backlist Books
650 7 _aTechnology & Engineering / Agriculture
_2bisacsh
650 0 _aTechnology
655 0 _aElectronic books.
758 _iIs found in:
_aKnowledge Unlatched
_1https://openresearchlibrary.org/module/2774bc74-146a-484f-a7ba-ab1d6a09bbfb
830 0 _aNew Historical Perspectives
856 4 0 _uhttps://openresearchlibrary.org/content/f5e1010a-2e44-47cc-b97c-4a9f5297b48c
_zView this content on Open Research Library.
_70
999 _c32297
_d32297